| 000 | 00000nas 2200000zi 4500 |
| 001 | 9.932286 |
| 003 | CaOODSP |
| 005 | 20240111160243 |
| 006 | m o d f |
| 007 | cr cn |||||||| |
| 008 | 240110d20152015quctr p o f0### 0fre|d |
| 040 | |aCaOODSP|bfre|erda|cCaOODSP |
| 043 | |an-cn--- |
| 086 | 1 |aNM22-1F-PDF |
| 110 | 2 |aMusée canadien de l'histoire.|eauteur, |eorganisme de publication. |
| 245 | 10|aRapport financier trimestriel pour la période de ... mois terminée le ..., non audité. |
| 264 | 1|a[Gatineau, Québec] : |bMusée canadien de l'histoire = Canadian Museum of History ; |a[Ottawa, Ontario] : |bMusée canadien de la guerre = Canadian War Museum, |c[2015-2016] |
| 310 | |aTrois fois par année |
| 336 | |atexte|btxt|2rdacontent/fre |
| 337 | |ainformatique|bc|2rdamedia/fre |
| 338 | |aressource en ligne|bcr|2rdacarrier/fre |
| 362 | 1 |aParaît depuis : 30 juin 2015; ne paraît plus après : 31 décembre 2015. |
| 500 | |aPublié aussi en anglais sous le titre : Quarterly financial report for the ... month period ended ..., unaudited. |
| 588 | |aDescription d'après : 30 juin 2015; titre de la page couverture du fichier PDF. |
| 588 | |aDernière livraison consultée : 31 décembre 2015. |
| 610 | 26|aMusée canadien de l'histoire|xFinances|vPériodiques. |
| 610 | 26|aMusée canadien de la guerre|xFinances|vPériodiques. |
| 650 | 6|aÉtats financiers non vérifiés|zCanada|vPériodiques. |
| 650 | 6|aFinances publiques|zCanada|vPériodiques. |
| 655 | 7|aPériodiques|2rvmgf |
| 710 | 2 |aMusée canadien de la guerre, |eauteur, |eorganisme de publication. |
| 775 | 08|tQuarterly financial report for the ... month period ended ..., unaudited.|w(CaOODSP)9.932287 |
| 780 | 00|tÉtats financiers Musée canadien de l'histoire pour le trimestre terminé le ..., non audité.|w(CaOODSP)9.932281 |
| 785 | 00|tÉtats financiers trimestriels pour la période de ... mois terminée le ..., non audités.|w(CaOODSP)9.932296 |